000 00554 a2200217 4500
005 20260310112021.0
008 260310b |||||||| |||| 00| 0 eng d
020 _a9788195408375
_cRs. 1295.00
040 9 _aMAIN
082 _a923.254
_bB651M
100 _aBose, Tarun Kanti
245 _aMarginalised but not defeated
260 _bUppal Publishing House
_c2023
_aNew Delhi
300 _axii, 276
650 _aHistory
650 _aCapitalism
650 _aPolitical Leaders
650 _aIndia
700 _aChaudhary, Ashok
942 _cBK
999 _c394899
_d394899